Literature : (Record no. 6855)

MARC details
000 -LEADER
fixed length control field 00726nam a2200217 4500
020 ## - INTERNATIONAL STANDARD BOOK NUMBER
ISBN 9780155036222
022 ## - INTERNATIONAL STANDARD SERIAL NUMBER
ISSN 015503622X
050 ## - CALL NUMBER
Classification number PE1479.C7
Item number K57
100 ## - AUTHOR
Personal name Kirszner Laurie G. (ed.)
245 ## - TITLE
Title Literature :
Remainder of title Reading, Reacting, Writing
Statement of responsibility, etc Laurie G. Kirszner, Stephen R. Mandell.
250 ## - EDITION
Edition statement 3rd Ed.
260 ## - PUBLICATION INFORMATION
Place of publication Fort Worth :
Name of publisher Harcourt Brace College Publishers
Year of publication 1997
300 ## - DESCRIPTION
Number of Pages xxxix, 2095 pages :
Other physical details illustration
Dimensions 25 cm
500 ## - NOTES
General note Includes Index
505 ## - FORMATTED CONTENTS NOTE
Table of Content Fiction<br/>Poetry <br/>Drama<br/> Index
650 ## - SUBJECTS
Topical Term English language -- Rhetoric.
650 ## - SUBJECTS
Topical Term Literature -- History and criticism -- Theory, etc.
650 ## - SUBJECTS
Topical Term Criticism -- Authorship.
700 ## - OTHER AUTHORS
Personal name Mandell Stephen R.(ed.)
942 ## - ADDED ENTRY ELEMENTS (KOHA)
Koha item type Books
Holdings
Withdrawn status Lost status Collection code Home library Current library Shelving location Date acquired Full call number Accession Number Koha item type
    Reference Methodist University Library Main Methodist University Library Main General Stacks 28/01/2014 PE1479.C7 K57 39290 Books
Copyright © 2026  MUG Library